Smart Edutainment as a Way of Enhancing Student's Motivation (on the Example of Board Games); Smart Innovation, Systems and Technologies; Vol. 41 : Smart Education and Smart e-Learning
| Parent link: | Smart Innovation, Systems and Technologies Vol. 41 : Smart Education and Smart e-Learning.— 2015.— [P. 69-79] |
|---|---|
| Autor principal: | |
| Autor Corporativo: | |
| Outros Autores: | |
| Resumo: | Title screen Режим доступа: по договору с организацией-держателем ресурса |
| Idioma: | inglês |
| Publicado em: |
2015
|
| Assuntos: | |
| Acesso em linha: | http://dx.doi.org/10.1007/978-3-319-19875-0_7 |
| Formato: | MixedMaterials Recurso Electrónico Capítulo de Livro |
| KOHA link: | https://koha.lib.tpu.ru/cgi-bin/koha/opac-detail.pl?biblionumber=645790 |
MARC
| LEADER | 00000naa0a2200000 4500 | ||
|---|---|---|---|
| 001 | 645790 | ||
| 005 | 20250610141558.0 | ||
| 035 | |a (RuTPU)RU\TPU\network\10894 | ||
| 035 | |a RU\TPU\network\10881 | ||
| 090 | |a 645790 | ||
| 100 | |a 20160125d2015 k||y0engy50 ba | ||
| 101 | 0 | |a eng | |
| 102 | |a DE | ||
| 135 | |a drcn ---uucaa | ||
| 181 | 0 | |a i | |
| 182 | 0 | |a b | |
| 200 | 1 | |a Smart Edutainment as a Way of Enhancing Student's Motivation (on the Example of Board Games) |f V. S. Novikova, L. V. Beskrovnaya | |
| 203 | |a Text |c electronic | ||
| 300 | |a Title screen | ||
| 320 | |a [References: 4 tit.] | ||
| 333 | |a Режим доступа: по договору с организацией-держателем ресурса | ||
| 461 | |t Smart Innovation, Systems and Technologies | ||
| 463 | |t Vol. 41 : Smart Education and Smart e-Learning |v [P. 69-79] |d 2015 | ||
| 610 | 1 | |a электронный ресурс | |
| 610 | 1 | |a труды учёных ТПУ | |
| 610 | 1 | |a smart-образование | |
| 610 | 1 | |a настольные игры | |
| 700 | 1 | |a Novikova |b V. S. |c linguist |c senior lecturer of Tomsk Polytechnic University |f 1984- |g Vera Stanislavovna |3 (RuTPU)RU\TPU\pers\36087 |9 19205 | |
| 701 | 1 | |a Beskrovnaya |b L. V. |c Linguist |c Senior Lecturer of Tomsk Polytechnic University |f 1982- |g Ludmila Vyacheslavovna |3 (RuTPU)RU\TPU\pers\33539 |9 17206 | |
| 712 | 0 | 2 | |a Национальный исследовательский Томский политехнический университет (ТПУ) |b Институт социально-гуманитарных технологий (ИСГТ) |b Кафедра иностранных языков (ИЯСГТ) |3 (RuTPU)RU\TPU\col\18376 |
| 712 | 0 | 2 | |a Национальный исследовательский Томский политехнический университет (ТПУ) |b Институт социально-гуманитарных технологий (ИСГТ) |b Кафедра иностранных языков (ИЯСГТ) |3 (RuTPU)RU\TPU\col\18376 |
| 801 | 2 | |a RU |b 63413507 |c 20160212 |g RCR | |
| 850 | |a 63413507 | ||
| 856 | 4 | |u http://dx.doi.org/10.1007/978-3-319-19875-0_7 | |
| 942 | |c CF | ||